[Event "Reggio Emilia 53rd"]
[Site "Reggio Emilia"]
[Date "2011.01.06"]
[Round "9"]
[White "Ivanchuk, Vassily"]
[Black "Morozevich, Alexander"]
[Result "1-0"]
[WhiteElo "2764"]
[BlackElo "2700"]
[Annotator "Krasenkow,M"]
[PlyCount "143"]
[EventDate "2010.12.28"]
[EventType "tourn"]
[EventRounds "9"]
[EventCountry "ITA"]
[EventCategory "18"]
[SourceTitle "CBM 140"]
[Source "ChessBase"]
[SourceDate "2011.01.18"]
[SourceVersion "1"]
[SourceVersionDate "2011.01.18"]
[SourceQuality "1"]

1. d4 Nf6 2. c4 e6 3. Nc3 Bb4 4. Qc2 O-O 5. a3 Bxc3+ 6. Qxc3 d5 7. Nf3 dxc4 8.
Qxc4 b6 9. Bg5 Ba6 10. Qa4 h6 (10... c5 {is considered sufficient for equality
as Black's development advantage is likely to compensate for his inferior pawn
structure. However, the following line needs more tests:} 11. dxc5 (11. Rd1 Qd7
$5 12. Qc2 cxd4 13. Bxf6 gxf6 14. Rxd4 Qc6 15. Rg4+ Kh8 16. Qxc6 Nxc6 17. e3
Bb7 $11 {1/2 Khenkin,I (2617)-Bacrot,E (2715)/Geneva SUI 2010/The Week in
Chess 843 (29)}) 11... bxc5 12. Rd1 Qb6 13. Bxf6 gxf6 14. e3 $5 ({the
following famous draw was later repeated in a couple of games:} 14. Rd2 Nc6 15.
Qg4+ Kh8 16. Qh4 Kg7 17. Qg4+ Kh8 18. Qh4 Kg7 19. Qg4+ {1/2 Carlsen,M (2772)
-Kramnik,V (2759)/Dortmund 2009/CBM 131}) {So far the following has only been
played in a blitz game:} 14... Bxf1 15. Kxf1 Nc6 16. g3 Rad8 17. Kg2 Rxd1 18.
Rxd1 Rd8 19. Rxd8+ Nxd8 20. Nd2 $14 {1/2 Koneru,H (2614)-Kosintseva,N (2533)/
Moscow 2010/CBM 138 Extra (50)}) 11. Bh4 (11. Bxf6 {is harmless:} Qxf6 12. g3
c5 13. Bg2 Bb7 14. O-O (14. Rd1 Rd8 15. dxc5 Rxd1+ 16. Qxd1 Na6 17. cxb6 Qxb2
18. bxa7 Qc3+ 19. Qd2 Qa1+ 20. Qd1 Qc3+ 21. Qd2 Qa1+ 22. Qd1 {1/2 Dreev,A 
(2655)-Fier,A (2653)/Barcelona 2009/CBM 133}) 14... Bc6 (14... Rd8 $143 15.
dxc5 Qxb2 16. Rab1 Qf6 17. Rfc1 e5 18. cxb6 axb6 19. Qb5 Bxf3 20. Bxf3 Rxa3 21.
Qxb6 $14 {1-0 Matveeva,S (2389)-Kosintseva,N (2576)/Moscow RUS 2010/The Week
in Chess 838 (48)}) 15. Qc4 Bd5 16. Qc3 Nd7 17. Rac1 Rfd8 18. dxc5 Nxc5 19.
Qxf6 gxf6 20. Rfd1 a5 $11 {1/2 Enchev,I (2362)-Georgiev,K (2645)/Radomir 2009/
EXT 2010 (29)}) 11... Qe7 (11... Qe8 $6 12. Qxe8 Rxe8 13. Bxf6 gxf6 14. Rc1 {
[%csl Rc7]} Rc8 15. e3 Bxf1 16. Rxf1 c5 17. dxc5 bxc5 18. Ke2 $14 {1/2 Rajlich,
I (2406)-Javakhishvili,L (2460)/Montreal 2007/CBM 119 ext (56)}) (11... c5 {
is worse here than a move earlier as the position of the black king is
weakened:} 12. dxc5 bxc5 13. Rd1 Qb6 14. Bxf6 gxf6 15. Qg4+ Kh8 16. Qf4 Kg7 17.
h4 $1 Qxb2 18. Rh3 Qc3+ 19. Nd2 Qe5 20. Qg4+ Kh8 21. f4 Qf5 22. Qf3 Rc8 23. Rg3
c4 {1/2 Vitiugov,N (2710)-Alekseev,E (2700)/Dagomys 2010/CBM 136 (38)} {
, and now} 24. Nxc4 $1 Bxc4 25. Qxa8 Qa5+ 26. Kf2 Qc5+ 27. e3 Bd5 28. Rxd5 exd5
29. Qb7 $16 {[%csl Rd5,Rf6,Rf7]}) 12. e3 Bxf1 13. Rxf1 (13. Kxf1 $144) 13...
Rc8 14. Rc1 c5 15. dxc5 g5 16. Bg3 Rxc5 17. Ke2 $14 {Black has avoided the
isolation of his pawn but failed to equalise as his position is weakened on
both sides, and the white bishop is stronger than the black knight.} Nbd7 18.
b4 Rcc8 19. Rfd1 Nf8 (19... a5 $5 20. Rxc8+ $140 Rxc8 21. Bd6 Qe8 22. bxa5 bxa5
23. Qxa5 Ne4 $132) 20. Be5 Nd5 21. Bb2 Ng6 22. Nd4 Qb7 23. Kf1 a6 24. b5 axb5
25. Qxb5 Ra5 26. Rxc8+ Qxc8 27. Rc1 Qxc1+ $6 {In the endgame the drawbacks of
Black's position will be even more visible.} ({Of course, it is practically
impossible to find the following resource over the board:} 27... Qb8 $1 28. Qd7
Rc5 $1 29. Nxe6 $1 (29. Rxc5 bxc5 30. Nxe6 Qxb2 31. Qe8+ Kh7 32. Qxf7+ Kh8 33.
Qxg6 Qc1+ 34. Ke2 Nc3+ 35. Kf3 Qd1+ 36. Kg3 Ne2+ 37. Kh3 Ng1+ $11) 29... Ne5 $3
30. Qd8+ Qxd8 31. Nxd8 Nc4 32. e4 $1 Nf4 $1 $132) 28. Bxc1 Rxb5 29. Nxb5 {
[%mdl 4096]} f5 30. f3 {White's plan is to attack the black b6-pawn. If it
falls (even for White's central pawn), the a3-pawn will become passed and very
powerful.} Ne5 (30... Kf7 $144 31. e4 fxe4 32. fxe4 $1 Nf6 33. Be3) 31. e4 fxe4
32. fxe4 Nf6 33. Nd6 $1 Kf8 34. Be3 Ke7 35. Nc8+ Kd8 36. Nxb6 Nxe4 37. Bd4 Ng6
38. Nc4 Kc7 (38... h5 39. a4 $16) 39. g4 $1 {The "second weakness" (Black's
h6-pawn) will become decisive.} Kc6 40. Bg7 Kb5 41. Ne5 Nf4 (41... Nxe5 42.
Bxe5 Ka4 43. Ke2 $1 Kxa3 44. Ke3 Nc5 45. Bd6 $18) 42. Bxh6 Ka4 (42... Nd5 {
was relatively more stubborn.}) 43. h4 Nh3 44. Kg2 gxh4 {Desperation. Black
decides to check whether GM Ivanchuk knows how to mate with a bishop and a
knight. Although GM practice has seen amazing examples of failure to deliver
the mate, this is not the case.} (44... Nf4+ 45. Kf3 Nd2+ 46. Ke3 Nf1+ 47. Kf2
$18) 45. Kxh3 Nf2+ 46. Kxh4 Nxg4 47. Kxg4 Kxa3 48. Kg5 Kb3 49. Kf6 Kc2 50. Kxe6
Kd1 51. Kd5 Ke2 52. Ke4 Kf1 53. Kf3 Kg1 54. Bf4 Kh1 55. Nd3 Kg1 56. Nf2 Kf1 57.
Bh2 Ke1 58. Ne4 Kf1 (58... Kd1 59. Ke3 Kc2 60. Nd2 Kc3 61. Bd6 Kc2 62. Be5 {
etc. is the "main" line of this mating method.}) 59. Nd2+ Ke1 60. Ke3 Kd1 61.
Kd3 Ke1 62. Bg3+ Kd1 63. Nc4 Kc1 64. Bh4 Kd1 65. Nb2+ Kc1 66. Kc3 Kb1 67. Kb3
Kc1 68. Bg5+ Kb1 69. Nc4 Ka1 70. Bh6 Kb1 71. Na3+ Ka1 72. Bg7# 1-0

[Event "Biel GM 42nd"]
[Site "Biel"]
[Date "2009.07.19"]
[Round "1"]
[White "Morozevich, Alexander"]
[Black "Alekseev, Evgeny V"]
[Result "1-0"]
[WhiteElo "2751"]
[BlackElo "2714"]
[Annotator "Krasenkow,M"]
[PlyCount "67"]
[EventDate "2009.07.19"]
[EventType "tourn"]
[EventRounds "10"]
[EventCountry "SUI"]
[EventCategory "19"]
[SourceTitle "CBM 132"]
[Source "ChessBase"]
[SourceDate "2009.09.16"]
[SourceVersion "1"]
[SourceVersionDate "2009.09.16"]
[SourceQuality "1"]

1. d4 Nf6 2. c4 e6 3. Nc3 Bb4 4. Qc2 O-O 5. a3 Bxc3+ 6. Qxc3 d5 7. cxd5 {
Quite a rare move, compared to the main continuation} (7. Bg5) {It was
introduced into top GM practice by Vladimir Kramnik in the Nice rapid
tournament this year, against none other than Vishy Anand.} 7... Ne4 $1 {
Avoiding} (7... exd5 8. Bg5 (8. Bf4 $143 Nc6 9. f3 Re8 (9... Nh5 $142 10. Be3
f5 $132) 10. g4 h5 11. h3 Nd7 12. O-O-O Nb6 $6 (12... Nf8 {[%cal Yf8g6]}) 13.
e3 Qe7 14. gxh5 Bf5 15. Ne2 Qf6 16. Ng3 Na4 17. Qd2 Bh7 18. Bb5 $16 {1-0
Bocharov,D (2647)-Gajewski,G (2581)/Moscow 2009/CBM 129 (34)}) 8... Qd6 9. f3
Bf5 (9... b6 $143 10. Rc1 c6 11. e3 Re8 12. Kf2 Bb7 13. Bd3 Nbd7 14. Ne2 c5 15.
Ng3 c4 16. Bb1 b5 17. Nf5 Qb6 18. g4 $14 {1-0 Hracek,Z (2604)-Petrik,T (2508)/
Hustopece 2009/CBM 130 Extra (34)}) 10. e3 Nbd7 11. Ne2 Rac8 12. b4 Rfe8 13.
Bf4 Qe7 14. g4 Be6 15. h4 Nf8 16. h5 h6 17. Ng3 N8h7 18. Qc5 $14 {1/2 Gelfand,
B (2755)-Caruana,F (2670)/Biel SUI 2009/The Week in Chess 768 (33)}) 8. Qc2
exd5 9. Bf4 $146 {[%mdl 8] More active than} (9. e3 Bf5 10. Bd3 Bg6 (10... c5
11. dxc5 Nd7 12. Ne2 Ndxc5 13. Bxe4 Nxe4 14. Nd4 Bg6 15. Qd1 {1/2 Kramnik,V 
(2759)-Anand,V (2791)/Nice 2009/CBM 129 Extra}) 11. Ne2 Nd6 12. O-O (12. Nf4
Bxd3 13. Qxd3 c6 14. O-O Re8 15. b3 Nd7 16. a4 Nf8 17. Ba3 Ne6 18. Nxe6 {
1/2 Terrieux,K (2442)-Kosten,A (2497)/Nimes FRA 2009/The Week in Chess 770})
12... Bxd3 13. Qxd3 Nd7 14. b3 Re8 15. a4 c6 16. Ra2 Qh4 17. f3 Nf8 18. Ba3
Rad8 19. Ng3 g6 20. Re2 Ne6 $11 {1/2 Gasanov,E (2551)-Khairullin,I (2606)/
Dagomys RUS 2009/CBM 129 (25)}) 9... Bf5 $1 {Black plays actively, too. He
sacrifices a pawn for quick development.} (9... c6 10. f3 Nd6 11. e3 {leads to
a quiet, slightly better position for White, due to his bishop pair. If now}
Bf5 {then} 12. Qb3 $1 {[%csl Rb7]}) 10. Qxc7 Qxc7 11. Bxc7 Rc8 12. Bf4 Rc2 $6 {
Too early. Black should first develop his queenside.} (12... Nc6 $142 $1 {
played by GM Csaba Balogh on the same day!} 13. Rd1 Na5 14. g4 Bd7 15. f3 Nf6
16. Nh3 Ba4 17. Rd3 Rc2 {with an excellent position, which Black won in just 4
moves:} 18. b4 $6 (18. Rd2 $142) 18... Nc4 19. Kf2 Re8 20. Bg5 $6 Nd7 21. Bh4
$4 Nb2 {0-1 Wiley,T (2287)-Balogh,C (2595)/Arinsal AND 2009/The Week in Chess
767 White must now look for an improvement.}) 13. f3 Nf6 14. g4 Bg6 15. h4 (15.
Rc1 $1 {, eliminating Black's active rook, was probably even stronger, e.g.}
Nc6 16. Rxc2 Bxc2 17. Kd2 Bg6 18. e3 Nxg4 19. Ne2 {[%csl Rd5][%cal Ye2c3]
Black has recaptured the pawn but the endgame is clearly better for White.})
15... Rxb2 16. h5 Bc2 17. e3 Ba4 18. Rh2 $1 {An original way to bring this
rook into play. White is now hardly behind in development; at the same time he
keeps his bishop pair and more compact pawn structure; therefore, his
advantage is obvious.} Rb3 $5 {Black tries to keep his active rook for the
sake of some counterplay.} 19. Ne2 Nbd7 20. g5 Ne8 21. Nc1 Rb6 (21... Rc3 22.
Rb2 Nb6 23. Nd3 $16 {M.Notkin}) 22. Na2 $5 {[%cal Ya2b4,Ya2c3]} (22. Nd3 Bb5 {
looked less clear to White. If} 23. Nc5 {then} Rd8) 22... Nf8 ({To} 22... Bb5 {
White now plays} 23. Nc3 $1 Bc4 (23... Bc6 24. e4 $1) 24. Bxc4 dxc4 25. Rc2 $16
{[%csl Rc4,Gd4,Ge3][%cal Rc3d5]}) 23. Nb4 ({Here} 23. Nc3 {is not so killing
due to} Bc6 (23... Bb3 $143 24. Rb2)) 23... Rd8 24. h6 $5 {[%mdl 128]
According to the principle of two weaknesses, White must create another
problem for Black (besides his d5-pawn). The question is whether White is well
enough mobilised enough for such an action.} (24. Bh3 $5 Ne6 25. Bxe6 Rxe6 26.
Rc1 $14 {[%cal Gc1c8] was a simple way to keep an edge.}) 24... Ne6 $1 25. hxg7
$5 Nxf4 26. exf4 Nxg7 (26... a5 27. Nd3 Nxg7 28. Ne5 $36 {[%cal Yf1d3]}) 27.
Bd3 Ne6 {The position has become quite sharp; White must now create real
threats against the black king; otherwise his centre will just collapse.} (
27... h5 $5 {(M.Notkin) was probably more accurate:} 28. gxh6 Ne6 29. Kf2 a5
30. Rg1+ Kh8 31. h7 $1 {[%cal Rh2g2]} Nxf4 32. Rh4 Ng6 33. Bxg6 Rxg6 34. Rxg6
fxg6 35. Nd3 $14 {[%cal Yd3e5]}) 28. f5 $1 ({Of course, not} 28. Bxh7+ Kg7)
28... Nf4 ({Alas,} 28... Nxd4 {is insufficient:} 29. Kf2 Bd7 (29... Bb5 30.
Rah1 $1 Bxd3 31. Rxh7 Bxf5 (31... Kf8 32. Rh8+ Ke7 33. f6+ Kd7 34. Rxd8+ Kxd8
35. Nxd3 $18 {_|_}) 32. Rh8+ Kg7 33. Rxd8 $16) 30. f6 Bf5 31. Rah1 $1 Rxb4 32.
axb4 Bxd3 33. Rd1 $16 {as indicated by IM Maxim Notkin.}) 29. f6 $1 h5 $2 {
[%csl Rh5] This pawn now quickly falls and Black is mated along the h-file.} (
29... Nxd3+ $142 30. Nxd3 {leads to a clear advantage for White in quite a
stable situation, due to the poor position of Black's king and his "bad"
bishop.}) 30. Kf2 a5 31. Kg3 $1 Ng6 (31... axb4 32. Kxf4 {[%cal Yh2h5,Ya1h1]})
32. Rxh5 $1 axb4 33. Rah1 bxa3 34. Rh7 {[%cal Rd3g6,Rh7g7]} (34. Bxg6 $5 fxg6
35. Rh8+ Kf7 36. R1h7+ Ke6 37. Rxd8 $18) 1-0

[Event "Moscow Tal Memorial 6th"]
[Site "Moscow"]
[Date "2011.11.22"]
[Round "6"]
[White "Nepomniachtchi, Ian"]
[Black "Karjakin, Sergey"]
[Result "1/2-1/2"]
[WhiteElo "2730"]
[BlackElo "2763"]
[Annotator "Krasenkow,M"]
[PlyCount "79"]
[EventDate "2011.11.16"]
[EventType "tourn"]
[EventRounds "9"]
[EventCountry "RUS"]
[EventCategory "22"]
[SourceTitle "CBM 146"]
[Source "ChessBase"]
[SourceDate "2012.01.18"]
[SourceVersion "1"]
[SourceVersionDate "2012.01.18"]
[SourceQuality "1"]

1. d4 Nf6 2. c4 e6 3. Nc3 Bb4 4. Qc2 O-O 5. a3 Bxc3+ 6. Qxc3 d5 7. Bg5 c5 8.
dxc5 d4 9. Qc2 e5 10. e3 h6 11. Bh4 Qe7 (11... Re8 {- see Malakhov - Karjakin
in CBM 140}) 12. Be2 $146 (12. O-O-O Nc6 13. Ne2 $6 (13. Nf3 $142 {A.
Mikhalchishin}) 13... dxe3 14. Rd6 Be6 15. fxe3 Rfd8 16. Bxf6 Qxf6 17. Nc3 Qg5
$13 {1-0 Zhu Chen (2522)-Kosintseva,T (2557)/Hangzhou 2011/CBM 144/
[Mikhalchishin,A] (34)}) 12... Re8 (12... Nc6 $5 {[%cal Ye5e4]} 13. Nf3 (13. b4
e4 14. exd4 Nxd4 15. Qc3 Qe5 16. Rc1 Rd8 $44) 13... g5 14. Bg3 Rd8 $44) 13. Rd1
(13. Nf3 d3 $1 14. Bxf6 gxf6 15. Qxd3 e4 {- White loses a piece without a
sufficient compensation. That's the idea behind 12...Re8.}) 13... a5 (13... g5
$5 14. Bg3 dxe3 15. fxe3 Qxc5 $13) 14. Nf3 (14. exd4 exd4 15. Rxd4 Na6 $44 {
[%csl Re1]}) 14... Nc6 (14... d3 {is now risky:} 15. Rxd3 e4 16. Rd6 $1 exf3
17. Bxf6 fxg2 (17... gxf6 18. gxf3 Kh8 19. Rg1 Rg8 20. Rxg8+ Kxg8 21. Qd3 Nc6
22. f4 $36) 18. Rg1 gxf6 19. Rxg2+ Kh8 20. Qd1 $44 {[%csl Rh8][%cal Ye2d3,
Yd1h5]}) 15. O-O (15. exd4 exd4 16. Nxd4 (16. Bxf6 Qxf6 17. O-O Bg4 $44) 16...
Nxd4 17. Rxd4 Bf5 18. Qd2 Ra6 {[%cal Ra6e6]} 19. Rd6 Qe4 20. Bxf6 Qxg2 21. Rf1
gxf6 $44 {[%csl Re1]}) 15... d3 {[%mdl 64] Black finally decides on this move!}
16. Rxd3 e4 (16... g5 $5 17. Rd6 (17. Bg3 Bf5) 17... gxh4 18. Nxh4 e4 19. Qc3
Ne5 $13) 17. Rd6 exf3 18. Bxf6 fxe2 (18... gxf6 19. Bxf3 Ne5 20. Bd5 $36) 19.
Bxe7 exf1=Q+ 20. Kxf1 Rxe7 {White has a material advantage but it is very
difficult to convert as pushing double pawns is not an easy task.} 21. b3 Be6
22. Qc3 Rc7 23. e4 (23. b4 $2 axb4 24. axb4 Ra4) 23... Re7 24. h3 f5 25. exf5
Bxf5 26. Kg1 Be6 27. Rd3 (27. b4 axb4 28. axb4 Bf7 29. b5 Ne5 30. Rd4 Rc8)
27... Bf5 28. Rd6 Be6 29. Rd3 Bf5 30. Rd5 Be6 31. b4 axb4 32. axb4 Rae8 33. b5
Bxd5 34. cxd5 Ne5 35. c6 (35. Kh2 $5 Nf7 36. c6 {, keeping the tension, was
White's last chance to play for a win.}) 35... bxc6 36. bxc6 Nxc6 $1 {The
simplest. Black collects White's remaining passed pawn, forcing a draw.} 37.
Qxc6 Rd8 38. g3 Red7 39. Qe6+ Kh8 40. Kg2 1/2-1/2

[Event "EU-ch 14th"]
[Site "Legnica"]
[Date "2013.05.07"]
[Round "3"]
[White "Dreev, Alexey"]
[Black "Grigoryan, Karen H"]
[Result "1-0"]
[WhiteElo "2654"]
[BlackElo "2559"]
[Annotator "Krasenkow,M"]
[PlyCount "79"]
[EventDate "2013.05.05"]
[EventType "swiss"]
[EventRounds "11"]
[EventCountry "POL"]
[SourceTitle "CBM 155"]
[Source "ChessBase"]
[SourceDate "2013.07.16"]
[SourceVersion "1"]
[SourceVersionDate "2013.07.16"]
[SourceQuality "1"]

1. d4 Nf6 2. c4 e6 3. Nc3 Bb4 4. Qc2 O-O 5. a3 Bxc3+ 6. Qxc3 d5 7. Nf3 dxc4 8.
Qxc4 b6 9. Bg5 Ba6 10. Qc2 c5 $5 {[%mdl 512] This direct continuation is quite
possible. Other options:} (10... Nbd7) (10... h6) 11. dxc5 (11. Rd1 {is
absolutely harmless:} cxd4 12. Rxd4 (12. Nxd4 Nbd7 13. b4 h6 14. Bh4 Rc8 15.
Qb2 Qc7 16. b5 Bb7 $36 {1/2 (41) Flumbort,A (2516)-Neubauer,M (2452) Austria
2009}) 12... Qc8 13. Qxc8 Rxc8 14. Bxf6 gxf6 15. e3 Bxf1 16. Rxf1 Nc6 $11 {
1/2 (24) Istratescu,A (2651)-Naiditsch,A (2706) Nancy FRA 2013}) 11... bxc5 12.
Qxc5 (12. Rd1 Qa5+ 13. Bd2 (13. Qd2 Nc6 14. Rc1 Ne4 15. Qxa5 Nxa5 $36 {0-1 (46)
Lenic,L (2569)-Delchev,A (2632) Dresden 2008}) (13. Nd2 Nc6 14. Bxf6 gxf6 15.
e3 Bxf1 16. Rxf1 Rfd8 17. f4 Rab8 18. Kf2 Qb5 19. Nc4 Na5 $11 {1/2 (45) Morris,
J (2354)-Ganguly,S (2639) Queenstown 2012}) 13... Qb6 14. Bc3 Nbd7 15. e4 Bxf1
16. Kxf1 Qb7 17. Re1 Ne8 18. h4 Nd6 19. Rh3 Nb5 20. Rg3 f6 21. e5 f5 $13 {
0-1 (48) Karpov,A (2670)-Topalov,V (2769) Vitoria Gasteiz 2007}) (12. e4 Bxf1
13. Kxf1 Qb6 14. Bxf6 gxf6 15. e5 fxe5 16. Nxe5 Nc6 17. Nxc6 Qxc6 18. h4 Rfd8
19. Rh3 Rd4 $11 {1-0 (67) Akesson,R (2433)-Lindgren,P (2230) Stockholm 2012}) (
12. g3 Nbd7 13. Bg2 Qa5+ 14. Bd2 Qb5 15. Bc3 {1/2 (44) Andre,G (2368)-Jaeger,D
(2157) Germany 2011} Bb7 $132) 12... Nbd7 (12... Ne4 $6 13. Bxd8 Nxc5 14. Be7
Rc8 15. Bxc5 Rxc5 16. Rd1 (16. b4 $5 Rc2 17. e3 Bxf1 18. Rxf1) 16... Nc6 17. e3
Bb5 18. Bxb5 Rxb5 19. Rd2 Rab8 20. b4 a5 21. Nd4 {1/2 (21) Barrett,S (2212)
-Ward,C (2449) England 2011}) (12... h6 $5 13. Bxf6 Qxf6 14. Qd4 Qe7 15. e3
Bxf1 16. Kxf1 Rd8 17. Qb4 Qd7 18. g3 Na6 19. Qa5 Qb7 20. Kg2 Rd5 21. Qe1 Rad8
$44 {1/2 (62) Zhu Chen (2477)-Zhao Xue (2474) Guangzhou 2010}) 13. Qd4 Qb8 (
13... Qc7 $142 $1 14. Rc1 (14. Qa4 Nc5) 14... Qb7 15. Qb4 Qxb4+ 16. axb4 Rfc8
$44 {The difference is that Black's a6-bishop is not hanging!}) 14. g3 e5 (
14... Rc8 15. Bg2) 15. Qb4 $1 e4 (15... Qxb4+ 16. axb4 Bb7 17. Bg2 $14) (15...
Bb7 {is probably the lesser evil but after} 16. Bh3 $1 {Black's compensation
for the pawn remains under doubt.}) 16. Nd4 Qe5 17. Bf4 Qh5 18. Qd6 Bb7 19. Bg2
(19. e3 $5 {[%cal Yh2h3,Yf1e2]}) 19... Rfd8 20. Rd1 Nb6 (20... Nd5 $1 21. Nc6
Bxc6 22. Qxc6 Nxf4 23. gxf4 Qa5+ {was the last chance to obtain counterplay
for the pawn.}) 21. Qe5 Qxe5 22. Bxe5 Nc4 23. Bxf6 gxf6 24. Nf5 Rxd1+ 25. Kxd1
Nxb2+ 26. Kc2 Nc4 27. Kc3 {[%mdl 4096] Black has regained the pawn but his
pawn structure is ruined.} Ne5 (27... Nxa3 $2 28. Kb4 Nc2+ 29. Kb3 $18) (27...
Nb6 {was more stubborn.}) 28. Rb1 $1 {Black's bishop has no good square!} Rc8+
29. Kd2 Rd8+ 30. Ke1 Ba8 31. Rb4 $1 {Winning the e4-pawn.} a5 32. Ra4 Rb8 33.
Bxe4 $18 Bxe4 34. Rxe4 Rb5 35. Kf1 Kf8 36. Kg2 Nc4 37. g4 $2 {White was
probably under time pressure and therefore missed the simple} (37. Rxc4 Rxf5
38. Rf4 $1 Rb5 (38... Re5 39. Rxf6 Rxe2 40. Rf5) 39. Rxf6 Rb3 40. a4 $18 {
keeping two extra pawns.}) 37... Nxa3 38. Ra4 (38. Rd4 $142 Re5 (38... Rb8 39.
Ra4) 39. e4) 38... Nb1 39. e4 Rc5 40. Rd4 {Black probably lost on time.} ({
The position after} 40. Rd4 Ke8 {is far from clear.}) 1-0